000 00370 a2200169 4500
001 191816
020 _a85-7319-218-6
040 _cMagnum
100 _aSoares, Mercês
240 1 0 _aO diário de um clone
_lpor
245 1 0 _aO diário de um clone
300 _a28
362 0 _a1997
440 1 _aDimensão
697 _aLITERATURA INFANTO-JUVENIL
942 _cBK
999 _c191816
_d191816